| 000 | 01164cam a2200313 i 4500 | ||
|---|---|---|---|
| 001 | 18315835 | ||
| 003 | SISC | ||
| 005 | 20170517162953.0 | ||
| 008 | 140925s2015 oru b 000 0 eng | ||
| 010 | _a 2014020268 | ||
| 020 | _a9780736949408 (pbk.) | ||
| 040 |
_aDLC _beng _cDLC _erda _dDLC |
||
| 042 | _apcc | ||
| 050 | 0 | 0 |
_aBT 705.8 _b.Sh525 2015 |
| 082 | 0 | 0 | _a241/.6765 |
| 100 | 1 | _aShaffer, Georgia. | |
| 240 | 1 | 0 | _aHow not to date a loser |
| 245 | 1 | 0 |
_a12 smart choices for finding the right guy / _cGeorgia Shaffer. |
| 246 | 3 | _aTwelve smart choices for finding the right guy | |
| 260 |
_aOregon : _bHarvest House Publishers, _c2015. |
||
| 300 |
_a191 pages ; _c21 cm. |
||
| 500 | _aIncludes bibliographical references. | ||
| 650 | 0 |
_aMate selection _xReligious aspects _xChristianity. |
|
| 650 | 0 |
_aMan-woman relationships _xReligious aspects _xChristianity. |
|
| 650 | 0 |
_aDating (Social customs) _xReligious aspects _xChristianity. |
|
| 906 |
_a7 _bcbc _corignew _d1 _eecip _f20 _gy-gencatlg |
||
| 942 |
_2lcc _cBK |
||
| 999 |
_c329562 _d329562 |
||